| 000 | 00617nam a2200205Ia 4500 | ||
|---|---|---|---|
| 003 | PILC | ||
| 005 | 20160204143009.0 | ||
| 008 | 140429s9999 xx 000 0 und d | ||
| 020 | _a9780230275423 | ||
| 050 |
_aBF 39 _b.B783 2011 |
||
| 100 | _aBrysbaert, Marc. | ||
| 245 |
_aBasic statistics for psychologists / _cMarc Brysbaert. |
||
| 260 |
_aNew York : _bPalgrave Macmillan, _c2011. |
||
| 300 |
_axiv, 413 pages : _billustrations ; _c25 cm. |
||
| 500 | _aIncludes appendices and indexes. | ||
| 650 |
_aPsychology _xStatistical methods. |
||
| 650 | _aPsychometrics. | ||
| 942 |
_kFOR _cBK _2lcc |
||
| 999 |
_c115644 _d115644 |
||